| 000 | 00435naa a22001217u 4500 | ||
|---|---|---|---|
| 008 | 130517b1997 xxu||||| |||| 00| 0 eng d | ||
| 040 | _aENG | ||
| 100 | 1 |
_aSchoors, Antonn _99839 |
|
| 245 | 0 | 0 | _aHistorical Information in Isaiah 1-39 |
| 300 |
_a75-94 p. _c24 cm. |
||
| 773 | 0 |
_tStudies in the book of Isaiah _aBEUKEN, W.A.M.;RUITEN, J. van; VERVENNE, Marc _dLeuven,University Press,1997, _gpágs. 75-94 _z90-6186-817-3, _w68894 |
|
| 942 | _cAC | ||
| 999 |
_c223798 _d223798 |
||